000 00671nam a2200253 a 4500
999 _c10527
_d10527
001 10527
003 BD-JhCC
005 20180430191845.0
008 180430s1967 nbu |||| b||| 000 0 eng d
035 _a(BD-JhCC)10527
040 _aBD-JhCC
_dBD-JhCC
041 _aeng
082 _a820.9007
_bROU 1967
100 _a Rountree, Thomas J.
245 _aEmma :
_bNotes /
_cThomas J. Rountree,
260 _aLincoln :
_bCliff's Notes,
_c1967
300 _a87 P. :
_c21 cm.
504 _aIncludes Bibliographical Reference.
600 _aEmma (Austen, Jane)
650 _aExaminations
650 _aYoung women in literature
942 _2ddc
_cBK